| 000 | 00453nam a2200145Ia 4500 | ||
|---|---|---|---|
| 008 | 241014s9999||||xx |||||||||||||| ||und|| | ||
| 020 | _a0-7817-2837-1 | ||
| 060 | _aQV 77 D 2002 | ||
| 100 | _aKenneth L. Davis, Dennis Charney, Joseph T. Coyle, Charles Nemeroff | ||
| 245 | 0 | _aNeuropsychoPharmacology: The Fifth Generation of Progress. | |
| 260 |
_bLippincott Williams and Wilkins _c2002 |
||
| 300 | _a2010 | ||
| 650 | _aPharmacology | ||
| 942 |
_bDIMC _cBK |
||
| 999 |
_c9476 _d9476 |
||